000 01625cam a2200373 i 4500
001 193563
003 SpMaBN
005 20240831150303.0
007 ta
008 080626s2009 sp a | ||||o000 0 spa
017 _aCA 478-2009
_bOficina Depósito Legal Cádiz
020 _a9788496838307
020 _a8496838307
035 _a(OCoLC)733656484
040 _aSpMaBN
_bspa
_cSpMaBN
_erdc
080 _a75 González-Glez., Luis Gonzalo (083.824)
080 _a74 González-Glez., Luis Gonzalo (083.824)
100 1 _aGonzález-Glez., Luis Gonzalo,
_d1947-2022
_0XX922057
_eaut
_9234870
245 1 0 _aDesde el portal 12, -- 1951/2009 :
_b[exposición] del 15 de septiembre al 7 de noviembre, Palacio de Villavicencio, Alcázar de Jerez /
_c[Luis Gonzalo]
260 _aJerez [de la Frontera] :
_bServicio de Publicaciones, Ayuntamiento de Jerez,
_c2009
300 _a[44] páginas :
_bprincipalmente ilustraciones (color y negro),
_c27 cm
336 _2rdacontent
_aTexto
337 _2rdamedia
_asin mediación
338 _2rdacarrier
_avolumen
600 1 0 _aGonzález-Glez., Luis Gonzalo,
_d1947-2022-
_vExposiciones
_2embne
_9234871
655 7 _9193628
_aCatálogos de exposiciones
710 1 _aJerez de la Frontera.
_bAyuntamiento
_95345
852 _aES-MaACL
_bR. 154920
_cDEPOJ
_jN-9574
_hDonación: Editorial
_9201027
_xEncuadernación rústica con solapas
942 _n0
_cMONOGRAFIA
999 _c193563
_d193563